Library Banner

Tareekh-e-Islam ki chaar so bakamal khawateen (Urdu) (Record no. 42012)

MARC details
000 -LEADER
fixed length control field 00465nam a2200181Ia 4500
001 - CONTROL NUMBER
control field 44012
008 - FIXED-LENGTH DATA ELEMENTS--GENERAL INFORMATION
fixed length control field 140428s9999 xx 000 0 und d
020 ## - INTERNATIONAL STANDARD BOOK NUMBER
International Standard Book Number NA
040 ## - CATALOGING SOURCE
Transcribing agency PK-LaUMT
082 ## - DEWEY DECIMAL CLASSIFICATION NUMBER
Classification number RHC 297.082
Item number TAL-T
100 ## - MAIN ENTRY--PERSONAL NAME
Personal name Talib Hashmi
245 ## - TITLE STATEMENT
Title Tareekh-e-Islam ki chaar so bakamal khawateen (Urdu)
Statement of responsibility, etc Talib Hashmi
260 ## - PUBLICATION, DISTRIBUTION, ETC. (IMPRINT)
Place of publication, distribution, etc Lahore,Pakistan:
Name of publisher, distributor, etc Pain Islamic Publishers,
Date of publication, distribution, etc 1990
300 ## - PHYSICAL DESCRIPTION
Extent 712 p.
546 ## - LANGUAGE NOTE
Language note UR
650 ## - SUBJECT ADDED ENTRY--TOPICAL TERM
Topical term or geographic name as entry element Islam
942 ## - ADDED ENTRY ELEMENTS (KOHA)
Koha item type Books
Holdings
Withdrawn status Lost status Damaged status Not for loan Home library Current library Date acquired Total Checkouts Full call number Barcode Date last seen Price effective from Koha item type
        UMT Main Campus UMT Main Campus 2014-04-28   RHC 297.082 TAL-T 47673 2014-05-06 2014-05-06 Books